More advanced quantity surveying (Record no. 88342)

MARC details
000 -LEADER
fixed length control field 00506cam a2200205 4500
001 - CONTROL NUMBER
control field D9896
008 - FIXED-LENGTH DATA ELEMENTS--GENERAL INFORMATION
fixed length control field 090401t1967 xxu||||| |||| 00| 0 eng d
035 ## - SYSTEM CONTROL NUMBER
System control number (Sirsi) u23180
041 ## - LANGUAGE CODE
Language code of text/sound track or separate title eng
050 ## - LIBRARY OF CONGRESS CALL NUMBER
Classification number 692.5
100 ## - MAIN ENTRY--PERSONAL NAME
Personal name Willis, Arthur
245 ## - TITLE STATEMENT
Title More advanced quantity surveying
250 ## - EDITION STATEMENT
Edition statement 7th rev
260 ## - PUBLICATION, DISTRIBUTION, ETC.
Place of publication, distribution, etc. London
Name of publisher, distributor, etc. Crosby Lockwood
Date of publication, distribution, etc. 1967
300 ## - PHYSICAL DESCRIPTION
Extent Book and slipcase of 18 plates. 26cm
350 ## - PRICE (NR) (BK AM CF MU VM SE) [OBSOLETE]
Price 2.75
700 ## - ADDED ENTRY--PERSONAL NAME
Personal name Willis, Christopher J
942 ## - ADDED ENTRY ELEMENTS (KOHA)
Suppress in OPAC 0
948 ## - LOCAL PROCESSING INFORMATION (OCLC); SERIES PART DESIGNATOR (RLIN)
c (OCLC) 04/03/1997
Holdings
Withdrawn status Lost status Source of classification or shelving scheme Damaged status Not for loan Home library Current library Shelving location Date acquired Cost, normal purchase price Total Checkouts Full call number Barcode Date last seen Copy number Cost, replacement price Price effective from Koha item type
    Dewey Decimal Classification     London London Basement 22/08/1991 2.75   SHELF 137 30027565 06/08/2019 1 2.75 06/08/2019 Reference material